[Event "World Youth U-16 Olympiad 2018"]
[Site "Konya"]
[Date "2018.11.26"]
[Round "3"]
[White "Petriashvili, Nikoloz"]
[Black "Zarubitski, Viachaslau"]
[Result "1/2-1/2"]
[WhiteElo "2389"]
[BlackElo "2417"]
[Annotator "RC"]
[PlyCount "68"]
[EventDate "2018.11.25"]
[EventType "team-tourn"]
[EventCountry "TUR"]
[SourceTitle "playchess.com"]
[Source "ChessBase"]
[SourceQuality "1"]
[WhiteTeam "Georgia"]
[BlackTeam "Belarus"]
[WhiteTeamCountry "GEO"]
[BlackTeamCountry "BLR"]

1. c4 c6 2. Nf3 d5 3. b3 Nf6 4. Bb2 Bf5 5. e3 e6 6. Nc3 Be7 7. d4 O-O 8. Bd3 Bxd3 9. Qxd3 Nbd7 10. O-O Qa5 11. a3 Rad8 12. Rfd1 Rfe8 13. h3 dxc4 14. bxc4 e5 15. Qf5 g6 16. Qc2 exd4 17. exd4 Bf8 18. Rab1 Bg7 19. Qb3 b6 20. Re1 Nh5 21. d5 Nc5 22. Qc2 cxd5 23. Nxd5 Qa4 24. Qxa4 Nxa4 25. Bxg7 Kxg7 26. Ne5 Nf6 27. Nc6 Rxe1+ 28. Rxe1 Rc8 29. Nxa7 Rxc4 30. Nxf6 Kxf6 31. Nb5 Nc3 32. Nxc3 Rxc3 33. Rb1 Rxa3 34. Rxb6+ Ke5 1/2-1/2

[Event "World Youth U-16 Olympiad 2018"]
[Site "Konya"]
[Date "2018.11.26"]
[Round "3"]
[White "Can, Isik"]
[Black "Brodsky, David"]
[Result "1/2-1/2"]
[WhiteElo "2382"]
[BlackElo "2415"]
[Annotator "TA"]
[PlyCount "86"]
[EventDate "2018.11.25"]
[EventType "team-tourn"]
[EventCountry "TUR"]
[SourceTitle "playchess.com"]
[Source "ChessBase"]
[SourceQuality "1"]
[WhiteTeam "Turkey"]
[BlackTeam "United States"]
[WhiteTeamCountry "TUR"]
[BlackTeamCountry "USA"]

1. e4 e5 2. Nf3 Nc6 3. Bb5 a6 4. Bxc6 dxc6 5. O-O f6 6. d4 Bg4 7. dxe5 Qxd1 8. Rxd1 fxe5 9. Nbd2 O-O-O 10. Re1 Bd6 11. h3 Bh5 12. Nh4 Nf6 13. Nc4 Bf7 14. Nxd6+ cxd6 15. f4 Rhe8 16. Nf5 g6 17. fxe5 gxf5 18. exf6 Re6 19. Rf1 fxe4 20. Be3 Rg8 21. g4 Rg6 22. g5 h6 23. h4 hxg5 24. hxg5 Re5 25. Rad1 Kd7 26. Rd2 Rexg5+ 27. Bxg5 Rxg5+ 28. Rg2 Re5 29. Rf4 Ke6 30. Kf2 Rf5 31. Ke3 Rxf4 32. Kxf4 Kxf6 33. a3 Bd5 34. Rh2 c5 35. Rh5 Ke6 36. Rh6+ Kd7 37. Rg6 Kc7 38. Kf5 Bc6 39. Rg3 d5 40. Ke5 a5 41. c3 a4 42. Rg1 Kb6 43. Rc1 Kb5 1/2-1/2

[Event "World Youth U-16 Olympiad 2018"]
[Site "Konya"]
[Date "2018.11.26"]
[Round "3"]
[White "Pogosyan, Stefan"]
[Black "Piyumantha, M Sasith Nipun"]
[Result "1-0"]
[WhiteElo "2381"]
[BlackElo "2167"]
[Annotator "TA"]
[PlyCount "149"]
[EventDate "2018.11.25"]
[EventType "team-tourn"]
[EventCountry "TUR"]
[SourceTitle "playchess.com"]
[Source "ChessBase"]
[SourceQuality "1"]
[WhiteTeam "Russia"]
[BlackTeam "Sri Lanka"]
[WhiteTeamCountry "RUS"]
[BlackTeamCountry "SRI"]

1. d4 Nf6 2. c4 e6 3. Nc3 Bb4 4. Qc2 O-O 5. a3 Bxc3+ 6. Qxc3 b6 7. Bg5 Bb7 8. f3 h6 9. Bh4 c5 10. dxc5 bxc5 11. e3 Nc6 12. Bd3 Rc8 13. Ne2 Qa5 14. O-O-O Qxc3+ 15. Nxc3 Rfd8 16. Bxf6 gxf6 17. Ne4 f5 18. Nxc5 Ba8 19. f4 Na5 20. b4 d5 21. Kb2 dxc4 22. Be2 Nb7 23. Nd7 Kg7 24. Rd4 c3+ 25. Kc2 Rc7 26. Rhd1 f6 27. Bf3 Kf7 28. g3 Ke7 29. Bxb7 Bxb7 30. Nc5 Rxd4 31. Rxd4 Bd5 32. Kxc3 a5 33. Kb2 axb4 34. axb4 Kd6 35. g4 fxg4 36. e4 Rxc5 37. bxc5+ Kxc5 38. Kc3 Bc6 39. e5 f5 40. Rd8 h5 41. Rh8 Bf3 42. Rxh5 g3 43. Rh3 gxh2 44. Rxh2 Be4 45. Rh8 Bd5 46. Rd8 Be4 47. Rd6 Bd5 48. Kd3 Be4+ 49. Ke3 Bd5 50. Kf2 Kd4 51. Ke2 Ke4 52. Kd2 Kd4 53. Ra6 Bb3 54. Rb6 Bd5 55. Rb4+ Kc5 56. Kc3 Bc6 57. Rc4+ Kd5 58. Rd4+ Kc5 59. Rd6 Bd5 60. Ra6 Kb5 61. Ra1 Bc6 62. Kd4 Bd5 63. Rb1+ Kc6 64. Rc1+ Kb6 65. Rc8 Ba2 66. Rd8 Kc6 67. Ra8 Bd5 68. Ra5 Bb3 69. Kc3 Bd5 70. Kb4 Kb6 71. Rc5 Ba2 72. Rc8 Kb7 73. Rd8 Kc7 74. Rd2 Bb1 75. Kc5 1-0

[Event "World Youth U-16 Olympiad 2018"]
[Site "Konya"]
[Date "2018.11.26"]
[Round "3"]
[White "Ibrahimli, Murad"]
[Black "Kara, Yanki"]
[Result "1-0"]
[WhiteElo "2379"]
[BlackElo "2212"]
[Annotator "TA"]
[PlyCount "93"]
[EventDate "2018.11.25"]
[EventType "team-tourn"]
[EventCountry "TUR"]
[SourceTitle "playchess.com"]
[Source "ChessBase"]
[SourceQuality "1"]
[WhiteTeam "Azerbaijan"]
[BlackTeam "Turkey"]
[WhiteTeamCountry "AZE"]
[BlackTeamCountry "TUR"]

1. d4 g6 2. c4 Bg7 3. Nc3 d6 4. e4 Nf6 5. f3 O-O 6. Be3 c5 7. d5 e6 8. Qd2 exd5 9. cxd5 Nbd7 10. Nh3 a6 11. a4 Ne8 12. Be2 Ne5 13. Nf2 f5 14. O-O b6 15. exf5 gxf5 16. Rab1 Ra7 17. Rfc1 Re7 18. Bg5 Nf6 19. Bh6 Bxh6 20. Qxh6 Rg7 21. Nh3 Rg6 22. Qh4 Rg7 23. Kh1 Ng6 24. Qh6 Kh8 25. b4 f4 26. bxc5 bxc5 27. Nxf4 Nxf4 28. Qxf4 Nh5 29. Qd2 Qh4 30. Ne4 Bf5 31. Qe1 Qe7 32. Bxa6 Rg6 33. Rb7 Qd8 34. Nc3 Rfg8 35. Bf1 Qg5 36. Rd1 Qh6 37. Qh4 Rg5 38. Kg1 Qf6 39. Qe1 Bh3 40. Ne4 Qg6 41. Nxg5 Qxg5 42. Qc3+ Nf6 43. g3 Bxf1 44. Rxf1 Rf8 45. Re1 Qxd5 46. Re8 Qd1+ 47. Kg2 1-0

[Event "World Youth U-16 Olympiad 2018"]
[Site "Konya"]
[Date "2018.11.26"]
[Round "3"]
[White "Schitco, Ivan"]
[Black "Abdusattorov, Nodirbek"]
[Result "1/2-1/2"]
[WhiteElo "2376"]
[BlackElo "2560"]
[Annotator "TA"]
[PlyCount "92"]
[EventDate "2018.11.25"]
[EventType "team-tourn"]
[EventCountry "TUR"]
[SourceTitle "playchess.com"]
[Source "ChessBase"]
[SourceQuality "1"]
[WhiteTeam "Moldova"]
[BlackTeam "Uzbekistan"]
[WhiteTeamCountry "MDA"]
[BlackTeamCountry "UZB"]

1. d4 Nf6 2. c4 e6 3. g3 d5 4. Bg2 dxc4 5. Nf3 Nc6 6. O-O a6 7. e3 Bd7 8. Qe2 Bd6 9. Qxc4 O-O 10. b3 e5 11. Bb2 Qe7 12. dxe5 Nxe5 13. Nxe5 Bxe5 14. Bxe5 Qxe5 15. Qc3 Qxc3 16. Nxc3 c6 17. e4 Rfe8 18. f4 Ng4 19. Rfe1 f6 20. Rad1 Rad8 21. Rd3 Kf8 22. Red1 Ke7 23. Bf3 Bc8 24. Rxd8 Rxd8 25. Rxd8 Kxd8 26. Bxg4 Bxg4 27. Kf2 Kc7 28. Ke3 Kd6 29. Kd4 c5+ 30. Kd3 b5 31. Nd5 f5 32. Ne3 fxe4+ 33. Kxe4 Be6 34. Kd3 a5 35. Kc3 Kc6 36. Kd3 a4 37. bxa4 Bxa2 38. axb5+ Kxb5 39. Kc3 Be6 40. Nc2 h5 41. Ne3 c4 42. f5 Bf7 43. h3 Kc5 44. g4 hxg4 45. hxg4 Kd6 46. Nxc4+ Bxc4 1/2-1/2

[Event "World Youth U-16 Olympiad 2018"]
[Site "Konya"]
[Date "2018.11.26"]
[Round "3"]
[White "Baenziger, Fabian"]
[Black "Huang, Renjie"]
[Result "0-1"]
[WhiteElo "2355"]
[BlackElo "2322"]
[Annotator "TA"]
[PlyCount "62"]
[EventDate "2018.11.25"]
[EventType "team-tourn"]
[EventCountry "TUR"]
[SourceTitle "playchess.com"]
[Source "ChessBase"]
[SourceQuality "1"]
[WhiteTeam "Switzerland"]
[BlackTeam "China"]
[WhiteTeamCountry "SUI"]
[BlackTeamCountry "CHN"]

1. Nf3 Nf6 2. g3 d5 3. Bg2 c6 4. c4 Bf5 5. Qb3 Qb6 6. d3 e6 7. Be3 dxc4 8. Qxc4 Qxb2 9. Bd4 Qb4+ 10. Nbd2 Qxc4 11. Nxc4 Bb4+ 12. Nfd2 b5 13. Ne5 O-O 14. Bxc6 Nxc6 15. Nxc6 Ba3 16. Nxa7 e5 17. Be3 Bd7 18. Rb1 Rfb8 19. Rb3 Bd6 20. Ne4 Nxe4 21. dxe4 Rb7 22. O-O Bb8 23. Rd1 Bxa7 24. Ra3 h6 25. Rd6 Kh7 26. Rda6 Bxe3 27. Rxa8 Bc5 28. Rc3 Bd4 29. Rc2 b4 30. e3 Bc3 31. f4 Bc6 0-1

[Event "World Youth U-16 Olympiad 2018"]
[Site "Konya"]
[Date "2018.11.26"]
[Round "3"]
[White "Daghli, Arash"]
[Black "Haring, Filip"]
[Result "1-0"]
[WhiteElo "2352"]
[BlackElo "2258"]
[Annotator "TA"]
[PlyCount "81"]
[EventDate "2018.11.25"]
[EventType "team-tourn"]
[EventCountry "TUR"]
[SourceTitle "playchess.com"]
[Source "ChessBase"]
[SourceQuality "1"]
[WhiteTeam "Iran"]
[BlackTeam "Slovakia"]
[WhiteTeamCountry "IRI"]
[BlackTeamCountry "SVK"]

1. c4 Nf6 2. Nc3 e5 3. Nf3 Nc6 4. e3 Bb4 5. Qc2 O-O 6. Nd5 Be7 7. a3 Re8 8. Ng5 g6 9. Nxe7+ Qxe7 10. d3 d6 11. Be2 Ng4 12. Nf3 f5 13. h3 Nh6 14. b4 e4 15. dxe4 fxe4 16. Nd2 Nf5 17. Bb2 Qh4 18. Qc3 Ncd4 19. g3 Qh6 20. exd4 e3 21. Nf1 exf2+ 22. Kxf2 Bd7 23. Bf3 Rf8 24. d5 Rae8 25. Re1 Rxe1 26. Kxe1 c5 27. dxc6 Re8+ 28. Kd1 bxc6 29. Rh2 d5 30. cxd5 c5 31. Re2 Qxh3 32. Ke1 Nd4 33. Rxe8+ Bxe8 34. bxc5 Bb5 35. Qxd4 Qxf1+ 36. Kd2 Kf7 37. Qg7+ Ke8 38. Qg8+ Ke7 39. d6+ Kd7 40. Qf7+ Kc8 41. Qc7# 1-0

[Event "World Youth U-16 Olympiad 2018"]
[Site "Konya"]
[Date "2018.11.26"]
[Round "3"]
[White "Mitsis, Georgios"]
[Black "Isanzhulov, Arystan"]
[Result "1-0"]
[WhiteElo "2350"]
[BlackElo "2284"]
[Annotator "TA"]
[PlyCount "98"]
[EventDate "2018.11.25"]
[EventType "team-tourn"]
[EventCountry "TUR"]
[SourceTitle "playchess.com"]
[Source "ChessBase"]
[SourceQuality "1"]
[WhiteTeam "Greece"]
[BlackTeam "Kazakhstan"]
[WhiteTeamCountry "GRE"]
[BlackTeamCountry "KAZ"]

1. d4 Nf6 2. Nf3 d6 3. c4 g6 4. Nc3 Bf5 5. d5 Bg7 6. Nd4 Bd7 7. e4 O-O 8. Be2 e5 9. dxe6 fxe6 10. O-O Nc6 11. Nb3 a5 12. Be3 a4 13. Nd4 Nxd4 14. Bxd4 Bc6 15. Qc2 Nd7 16. Bxg7 Kxg7 17. Rad1 Qg5 18. b4 axb3 19. axb3 Qc5 20. Rb1 Nf6 21. Bd3 b6 22. b4 Qe5 23. f3 Qd4+ 24. Kh1 Ra3 25. Rbc1 Rfa8 26. Rfd1 Qe5 27. Bf1 R8a7 28. Qd2 Rb3 29. f4 Qh5 30. Be2 Qh4 31. e5 dxe5 32. fxe5 Ne4 33. Nxe4 Qxe4 34. Bf1 Qxe5 35. Re1 Qf6 36. b5 Be8 37. c5 Rb2 38. Qd1 Rba2 39. cxb6 cxb6 40. Qd6 e5 41. Qb8 Bd7 42. Bc4 Ra8 43. Qb7 R2a7 44. Qd5 Bf5 45. Rf1 Rd8 46. Qf3 Rd6 47. g4 Bd7 48. Qe3 Bf5 49. Rg1 Kf8 1-0

[Event "World Youth U-16 Olympiad 2018"]
[Site "Konya"]
[Date "2018.11.26"]
[Round "3"]
[White "Koustav Chatterjee"]
[Black "Berdnyk, Mariia"]
[Result "1/2-1/2"]
[WhiteElo "2346"]
[BlackElo "2254"]
[Annotator "TA"]
[PlyCount "123"]
[EventDate "2018.11.25"]
[EventType "team-tourn"]
[EventCountry "TUR"]
[SourceTitle "playchess.com"]
[Source "ChessBase"]
[SourceQuality "1"]
[WhiteTeam "India"]
[BlackTeam "Ukraine"]
[WhiteTeamCountry "IND"]
[BlackTeamCountry "UKR"]

1. d4 Nf6 2. c4 e6 3. Nf3 d5 4. Nc3 Be7 5. Bf4 O-O 6. e3 a6 7. cxd5 exd5 8. Bd3 c5 9. dxc5 Bxc5 10. O-O Nc6 11. Rc1 Ba7 12. Bg5 Be6 13. a3 h6 14. Bh4 Rc8 15. Na4 g5 16. Bg3 Ne4 17. Ne5 Nxg3 18. Nxc6 Rxc6 19. hxg3 Rxc1 20. Qxc1 Qe7 21. Bb1 d4 22. Qc2 f5 23. exd4 Bxd4 24. Re1 Qd6 25. Qe2 Bb3 26. Bc2 Qxg3 27. Bxb3+ Qxb3 28. Nc3 Qf7 29. Qf3 Bxc3 30. bxc3 Rd8 31. Re5 f4 32. Qe2 Kf8 33. c4 Re8 34. c5 Re7 35. Qe4 Rxe5 36. Qxe5 Kg8 37. Qd6 Kg7 38. c6 bxc6 39. Qxc6 Qf6 40. Qd7+ Kg6 41. Qd3+ Kf7 42. Qd7+ Qe7 43. Qd5+ Qe6 44. Qb7+ Kf6 45. Qb2+ Kf5 46. Qc2+ Kf6 47. Qc3+ Ke7 48. Qc7+ Qd7 49. Qc5+ Qd6 50. Qc3 Kd7 51. a4 Qd1+ 52. Kh2 Qxa4 53. Qg7+ Kc8 54. Qxh6 Qb5 55. Qf8+ Kc7 56. Qe7+ Kc8 57. Qf8+ Kd7 58. Qf7+ Kd6 59. Qf6+ Kc7 60. Qe7+ Kb6 61. Qd8+ Kc6 62. Qf6+ 1/2-1/2

[Event "World Youth U-16 Olympiad 2018"]
[Site "Konya"]
[Date "2018.11.26"]
[Round "3"]
[White "Thilakarathne, G M H"]
[Black "Esipenko, Andrey"]
[Result "1/2-1/2"]
[WhiteElo "2346"]
[BlackElo "2609"]
[Annotator "TA"]
[PlyCount "66"]
[EventDate "2018.11.25"]
[EventType "team-tourn"]
[EventCountry "TUR"]
[SourceTitle "playchess.com"]
[Source "ChessBase"]
[SourceQuality "1"]
[WhiteTeam "Sri Lanka"]
[BlackTeam "Russia"]
[WhiteTeamCountry "SRI"]
[BlackTeamCountry "RUS"]

1. e4 e5 2. Nf3 Nc6 3. Nc3 Nf6 4. d4 Bb4 5. Nxe5 Nxe4 6. Qg4 Nxc3 7. Qxg7 Rf8 8. a3 Ba5 9. Nxc6 dxc6 10. Qe5+ Qe7 11. Qxe7+ Kxe7 12. Bd2 Bf5 13. Bxc3 Bxc3+ 14. bxc3 Bxc2 15. Kd2 Bg6 16. h4 Rad8 17. g4 Rfe8 18. f3 h6 19. Re1+ Kf8 20. Rxe8+ Kxe8 21. h5 Bh7 22. Bd3 Bxd3 23. Kxd3 c5 24. Re1+ Kf8 25. Re5 cxd4 26. cxd4 Rd6 27. Ra5 a6 28. Rc5 c6 29. Ke4 b6 30. Rc3 Re6+ 31. Kf5 Rd6 32. Ke4 Re6+ 33. Kf5 Rd6 1/2-1/2

[Event "World Youth U-16 Olympiad 2018"]
[Site "Konya"]
[Date "2018.11.26"]
[Round "3"]
[White "Budisavljevic, Luka"]
[Black "Stevanic, David"]
[Result "1/2-1/2"]
[WhiteElo "2344"]
[BlackElo "2237"]
[Annotator "TA"]
[PlyCount "135"]
[EventDate "2018.11.25"]
[EventType "team-tourn"]
[EventCountry "TUR"]
[SourceTitle "playchess.com"]
[Source "ChessBase"]
[SourceQuality "1"]
[WhiteTeam "Serbia"]
[BlackTeam "Slovenia"]
[WhiteTeamCountry "SRB"]
[BlackTeamCountry "SLO"]

1. d4 Nf6 2. Bf4 g6 3. Nf3 Bg7 4. e3 O-O 5. Be2 d6 6. h3 Nbd7 7. O-O b6 8. c3 Bb7 9. a4 Ne4 10. a5 a6 11. axb6 cxb6 12. Nbd2 Nxd2 13. Nxd2 d5 14. Qb3 b5 15. Qc2 Rc8 16. Nb3 f6 17. Bg4 f5 18. Be2 e5 19. dxe5 Bxe5 20. Bxe5 Nxe5 21. Nd4 Qf6 22. Rad1 Rce8 23. Nf3 Nf7 24. Rd4 Nd8 25. Rd2 Ne6 26. Nd4 Ng5 27. Bf3 f4 28. exf4 Qxf4 29. Re2 Ne4 30. Rfe1 Rf6 31. Nb3 Rc8 32. Qd3 Qc7 33. Nd2 Rd8 34. Qd4 Qb6 35. Qxb6 Rxb6 36. Nxe4 dxe4 37. Bxe4 Bxe4 38. Rxe4 Rbd6 39. Re7 Rd1 40. Kf1 R8d2 41. Rxd1 Rxd1+ 42. Ke2 Rb1 43. b4 Rb2+ 44. Ke3 Ra2 45. Re5 Kf7 46. h4 Ra3 47. Rc5 a5 48. Kf4 a4 49. g4 Rb3 50. Kg5 a3 51. Rxb5 Rxc3 52. Ra5 Rb3 53. Ra4 Kg7 54. Ra7+ Kg8 55. Kh6 Rxb4 56. f3 Rb3 57. Rg7+ Kf8 58. Rxh7 Rxf3 59. h5 gxh5 60. g5 Kg8 61. Ra7 h4 62. g6 Rf8 63. Rxa3 h3 64. Rxh3 Rf1 65. g7 Rf6+ 66. Kg5 Kxg7 67. Rh7+ Kxh7 68. Kxf6 1/2-1/2

[Event "World Youth U-16 Olympiad 2018"]
[Site "Konya"]
[Date "2018.11.26"]
[Round "3"]
[White "Olsen, Filip Boe"]
[Black "Davtyan, Artur"]
[Result "1-0"]
[WhiteElo "2335"]
[BlackElo "2374"]
[Annotator "TA"]
[PlyCount "91"]
[EventDate "2018.11.25"]
[EventType "team-tourn"]
[EventCountry "TUR"]
[SourceTitle "playchess.com"]
[Source "ChessBase"]
[SourceQuality "1"]
[WhiteTeam "Denmark"]
[BlackTeam "Armenia"]
[WhiteTeamCountry "DEN"]
[BlackTeamCountry "ARM"]

1. d4 d5 2. c4 e6 3. Nc3 Be7 4. cxd5 exd5 5. Bf4 c6 6. e3 Bf5 7. g4 Be6 8. h4 Nd7 9. h5 Ngf6 10. f3 h6 11. Bd3 Nb6 12. Nge2 Bd6 13. a4 Nc8 14. a5 Ne7 15. Kf2 Qd7 16. Na4 Nc8 17. Qg1 Qe7 18. g5 hxg5 19. Bxg5 Bc7 20. Nc5 Nd6 21. Nf4 Bf5 22. Nxb7 Bxd3 23. Nxd6+ Qxd6 24. Nxd3 Nxh5 25. Bf4 Qe7 26. Rc1 Qd7 27. Bxc7 Qxc7 28. Nf4 g6 29. Nxg6 Rg8 30. Rxh5 Rxg6 31. Qxg6 fxg6 32. Rh8+ Kd7 33. Rh7+ Kd6 34. Rxc7 Kxc7 35. Rg1 Rb8 36. Rxg6 Rxb2+ 37. Kg3 Kb7 38. f4 Ra2 39. f5 Rxa5 40. f6 Ra1 41. Rg4 Rg1+ 42. Kh4 Rh1+ 43. Kg5 Kc7 44. f7 Rh8 45. Kf6 Ra8 46. Rg8 1-0

[Event "World Youth U-16 Olympiad 2018"]
[Site "Konya"]
[Date "2018.11.26"]
[Round "3"]
[White "Galperin, Platon"]
[Black "Sankalp Gupta"]
[Result "1/2-1/2"]
[WhiteElo "2334"]
[BlackElo "2352"]
[Annotator "TA"]
[PlyCount "167"]
[EventDate "2018.11.25"]
[EventType "team-tourn"]
[EventCountry "TUR"]
[SourceTitle "playchess.com"]
[Source "ChessBase"]
[SourceQuality "1"]
[WhiteTeam "Ukraine"]
[BlackTeam "India"]
[WhiteTeamCountry "UKR"]
[BlackTeamCountry "IND"]

1. c4 Nf6 2. d4 e6 3. g3 d5 4. Nf3 Bb4+ 5. Bd2 Bd6 6. Nc3 O-O 7. Bg2 dxc4 8. e4 Be7 9. Qe2 c6 10. e5 Nd5 11. Qxc4 b6 12. Nxd5 cxd5 13. Qc2 Ba6 14. Bf1 Qd7 15. Bxa6 Nxa6 16. O-O Rfc8 17. Qd3 Qb7 18. h4 h6 19. g4 Nb4 20. Bxb4 Bxb4 21. g5 Qc6 22. Rac1 Qxc1 23. Rxc1 Rxc1+ 24. Kg2 Rac8 25. h5 Be7 26. g6 f5 27. exf6 Bxf6 28. Qe3 R1c6 29. Qe2 Kf8 30. Qe3 Kg8 31. Qd3 Rc4 32. Qa3 R8c7 33. b4 Bxd4 34. Qa4 Kf8 35. Qa3 Bf6 36. b5+ Be7 37. Qd3 Rg4+ 38. Kh3 Re4 39. Nd4 Rc4 40. Qg3 Rc8 41. Qf3+ Bf6 42. Nc6 Kg8 43. Kg2 Rf8 44. Qd3 Rg4+ 45. Kf1 Bh4 46. f3 Rgf4 47. Ne5 R4f5 48. Nf7 Rf6 49. Qc3 Bg3 50. Kg2 Bf4 51. Qc6 d4 52. Qd7 Be3 53. Nd8 Kh8 54. Nxe6 Rxe6 55. Qxe6 Bg5 56. Qe4 Rd8 57. Qd3 Bf6 58. Kf1 Kg8 59. Ke2 Kf8 60. Qc4 Rd7 61. Kd3 Ke7 62. Qc8 Rd8 63. Qc6 Rd7 64. f4 Kd8 65. Qa8+ Ke7 66. Qb8 Ke6 67. a4 Ke7 68. Qg8 Kd6 69. Qc8 Ke7 70. Qb8 Ke6 71. Qc8 Ke7 72. f5 Bg5 73. Qg8 Bf6 74. Qf7+ Kd8 75. Qf8+ Kc7 76. Qe8 Kd6 77. a5 bxa5 78. Qe1 Re7 79. Qxa5 Rd7 80. Qa3+ Ke5 81. Qc5+ Kf4 82. Ke2 d3+ 83. Kd2 Bg5 84. Kd1 1/2-1/2

[Event "World Youth U-16 Olympiad 2018"]
[Site "Konya"]
[Date "2018.11.26"]
[Round "3"]
[White "Parkhov, Yair"]
[Black "Santos, Jose Guilherme B Li"]
[Result "0-1"]
[WhiteElo "2330"]
[BlackElo "2113"]
[Annotator "TA"]
[PlyCount "108"]
[EventDate "2018.11.25"]
[EventType "team-tourn"]
[EventCountry "TUR"]
[SourceTitle "playchess.com"]
[Source "ChessBase"]
[SourceQuality "1"]
[WhiteTeam "Israel"]
[BlackTeam "Portugal"]
[WhiteTeamCountry "ISR"]
[BlackTeamCountry "POR"]

1. d4 Nf6 2. c4 g6 3. Nc3 Bg7 4. e4 d6 5. Be2 O-O 6. Be3 e5 7. d5 a5 8. g4 Na6 9. h4 Nc5 10. f3 c6 11. Qd2 cxd5 12. cxd5 a4 13. Nh3 Bd7 14. Nf2 Qa5 15. Nb1 Qd8 16. Na3 Rb8 17. h5 b5 18. Nc2 Qb6 19. Nb4 Qa5 20. Kf1 Rfe8 21. Kg2 Rbc8 22. Nbd3 Qa8 23. Rac1 Nxd3 24. Bxd3 Rf8 25. Rxc8 Rxc8 26. hxg6 fxg6 27. Rc1 Rxc1 28. Qxc1 Qb7 29. Bd2 Qb6 30. Be2 h5 31. g5 Nh7 32. Nd3 h4 33. Nf2 Bf8 34. Be3 Qa5 35. Ng4 Be7 36. f4 Qb4 37. Nh6+ Kf8 38. Kf3 exf4 39. Bxf4 Qd4 40. Qc7 Nxg5+ 41. Bxg5 Bxg5 42. Qxd6+ Kg7 43. Qxd7+ Kxh6 44. Qg4 Qxb2 45. d6 Qa3+ 46. Kg2 Qxd6 47. Bxb5 Qd2+ 48. Qe2 Qf4 49. Qf3 Qd2+ 50. Qe2 Qd6 51. Qd3 Qe6 52. Qe2 a3 53. Bc4 Qc8 54. e5 Qc6+ 0-1

[Event "World Youth U-16 Olympiad 2018"]
[Site "Konya"]
[Date "2018.11.26"]
[Round "3"]
[White "Ceres, Dragos"]
[Black "Sindarov, Javokhir"]
[Result "0-1"]
[WhiteElo "2324"]
[BlackElo "2513"]
[Annotator "TA"]
[PlyCount "148"]
[EventDate "2018.11.25"]
[EventType "team-tourn"]
[EventCountry "TUR"]
[SourceTitle "playchess.com"]
[Source "ChessBase"]
[SourceQuality "1"]
[WhiteTeam "Moldova"]
[BlackTeam "Uzbekistan"]
[WhiteTeamCountry "MDA"]
[BlackTeamCountry "UZB"]

1. e4 e5 2. Nf3 Nc6 3. Bc4 Bc5 4. O-O Nf6 5. d3 d6 6. c3 a6 7. Bb3 Ba7 8. Nbd2 O-O 9. h3 Be6 10. Bxe6 fxe6 11. b4 Nh5 12. a4 Qe8 13. Ra2 Qg6 14. Nc4 b5 15. axb5 axb5 16. Na5 Ne7 17. Nh4 Qf7 18. Kh2 Bb6 19. Qe2 h6 20. g3 g5 21. Ng2 Qf3 22. Qxf3 Rxf3 23. Ne1 Rf7 24. Kg2 Nc6 25. Nc2 Nxa5 26. Be3 c5 27. bxa5 Rxa5 28. Rxa5 Bxa5 29. Na3 Rb7 30. Rb1 b4 31. Nc4 Bc7 32. cxb4 d5 33. exd5 exd5 34. Bxc5 dxc4 35. dxc4 Nf6 36. b5 Kf7 37. Be3 Ke7 38. c5 Nd5 39. b6 Bd8 40. Rc1 Rb8 41. Bd2 Ke6 42. Kf3 Rb7 43. Ba5 Rf7+ 44. Ke2 Rf8 45. Rb1 Be7 46. Rc1 Bd8 47. Rb1 Kd7 48. b7 Bc7 49. Kd3 Bb8 50. Ke4 Kc6 51. Rd1 Nf6+ 52. Kf5 Nd7+ 53. Kg6 Rxf2 54. Kxh6 e4 55. Re1 Nxc5 56. Bb4 Ne6 57. Rxe4 Kd5 58. Rg4 Rf6+ 59. Kh7 Rf7+ 60. Kg6 Rxb7 61. Bd2 Rg7+ 62. Kh6 Be5 63. Bxg5 Nf8 64. Bf4 Rh7+ 65. Kg5 Bd4 66. Rh4 Rg7+ 67. Kh5 Ne6 68. Kh6 Nf8 69. Kh5 Rg8 70. Bh6 Nh7 71. Rf4 Nf6+ 72. Kh4 Rh8 73. Kg5 Be3 74. Kxf6 Rxh6+ 0-1

[Event "World Youth U-16 Olympiad 2018"]
[Site "Konya"]
[Date "2018.11.26"]
[Round "3"]
[White "Oboladze, Luka"]
[Black "Lazavik, Denis"]
[Result "1/2-1/2"]
[WhiteElo "2318"]
[BlackElo "2235"]
[Annotator "NA RC"]
[PlyCount "79"]
[EventDate "2018.11.25"]
[EventType "team-tourn"]
[EventCountry "TUR"]
[SourceTitle "playchess.com"]
[Source "ChessBase"]
[SourceQuality "1"]
[WhiteTeam "Georgia"]
[BlackTeam "Belarus"]
[WhiteTeamCountry "GEO"]
[BlackTeamCountry "BLR"]

1. e4 e5 2. Nf3 Nc6 3. Bb5 a6 4. Ba4 Nf6 5. O-O Be7 6. d3 b5 7. Bb3 d6 8. a3 O-O 9. Nc3 Bg4 10. Be3 Nd4 11. Bxd4 exd4 12. Nd5 Nd7 13. h3 Bxf3 14. Qxf3 c6 15. Nxe7+ Qxe7 16. Qg3 c5 17. f4 Rac8 18. Rae1 c4 19. Ba2 Rfe8 20. Qf2 Qf6 21. Rd1 Nc5 22. Rfe1 Na4 23. dxc4 Nxb2 24. Rxd4 Nxc4 25. Bxc4 Rxc4 26. Rxc4 bxc4 27. Qd2 h6 28. c3 Rb8 29. e5 dxe5 30. Rxe5 Rd8 31. Qe3 Qd6 32. Re8+ Rxe8 33. Qxe8+ Kh7 34. Qe4+ Kg8 35. Qe8+ Kh7 36. Qxf7 Qd3 37. f5 Qxc3 38. Qg6+ Kg8 39. Qe8+ Kh7 40. Qg6+ 1/2-1/2

[Event "World Youth U-16 Olympiad 2018"]
[Site "Konya"]
[Date "2018.11.26"]
[Round "3"]
[White "Zhalmakhanov, Ramazan"]
[Black "Katopodis, Dimitrios"]
[Result "1-0"]
[WhiteElo "2316"]
[BlackElo "2310"]
[Annotator "NA RC"]
[PlyCount "111"]
[EventDate "2018.11.25"]
[EventType "team-tourn"]
[EventCountry "TUR"]
[SourceTitle "playchess.com"]
[Source "ChessBase"]
[SourceQuality "1"]
[WhiteTeam "Kazakhstan"]
[BlackTeam "Greece"]
[WhiteTeamCountry "KAZ"]
[BlackTeamCountry "GRE"]

1. e4 e5 2. Nf3 Nc6 3. Bb5 Nf6 4. d3 Bc5 5. Bxc6 dxc6 6. h3 O-O 7. O-O Nd7 8. Be3 Be7 9. Nbd2 Re8 10. Nc4 f6 11. Nh4 Nb6 12. Na5 Bb4 13. Nb3 Be6 14. Bc5 Bxb3 15. Bxb4 Be6 16. a4 a5 17. Bc3 Nd7 18. Qd2 b6 19. f4 exf4 20. Qxf4 Ne5 21. Qg3 c5 22. b3 Bd7 23. Rf2 Qe7 24. Raf1 Kh8 25. Nf3 Nc6 26. Qxc7 Qd8 27. Qf4 Be6 28. e5 f5 29. Ng5 g6 30. g4 Nd4 31. Bxd4 Qxd4 32. Qxd4 cxd4 33. Rf4 Rac8 34. R1f2 fxg4 35. hxg4 Bd5 36. e6 Bxe6 37. Rxd4 Rc5 38. Ne4 Re5 39. Rd6 Bxg4 40. Nf6 Re1+ 41. Kg2 Bf5 42. Nxe8 Rxe8 43. Rxb6 h5 44. Rb5 h4 45. Rxa5 Re3 46. Raxf5 gxf5 47. Rxf5 Re2+ 48. Kh3 Rxc2 49. Kxh4 Rc3 50. Rb5 Rxd3 51. Rb7 Kg8 52. a5 Rd4+ 53. Kg3 Rd6 54. b4 Ra6 55. Rb6 Ra7 56. a6 1-0